000 00465nam a2200181Ia 4500
005 20250326123813.0
008 250326s9999 xx 000 0 und d
037 _aTextbook
040 _aFMSL
_beng
_cFMSL
041 _aeng
_2eng
084 _aS:7 K4
_qFMSL
100 _aAdorno T W
245 0 _aAuthoritarian personality
_cAdorno T W
260 _aNY
_bNY, John Wiley
_c1964
300 _a599p
942 _cTB
_hS:7 K4
999 _c1271026
_d1271026